000 00659nam a2200241Ia 4500
003 OSt
005 20220918203915.0
006 a|||||r|||| 00| 0
007 ta
008 220917b |||||||| |||| 00| 0 eng d
024 _a110,232
037 _cTextual
040 _aARTS
_cARTS
_beng
041 _2eng
_aeng
082 _aV5:2:N3, G8 (TTV)
100 _aMunro William Bennett
_9110064
245 0 _aGovernment of Europe with a supplementary chapter on the government of Japan
250 _a3rd
260 _c1938
650 _aHISTORY
942 _hV5:2:N3, G8 (TTV)
_cTEXL
_2CC
999 _c233582
_d233582